Reina y adúltera : (Record no. 152945)

MARC details
000 -LEADER
campo de control de longitud fija 01273nam a22003015i 4500
001 - NÚMERO DE CONTROL
campo de control 152945
003 - IDENTIFICADOR DE NÚMERO DE CONTROL
campo de control ES-MaACL
005 - FECHA Y HORA DE LA ÚLTIMA TRANSACCIÓN
campo de control 20250701063149.0
008 - DATOS DE LONGITUD FIJA--INFORMACIÓN GENERAL
campo de control de longitud fija 041013q1870 sp |||| | spa d
040 ## - FUENTE DE CATALOGACIÓN
Centro catalogador/agencia de origen CAM
Lengua de catalogación spa
Centro/agencia transcriptor CAM
080 ## - NÚMERO DE LA CLASIFICACIÓN DECIMAL UNIVERSAL
Número de la Clasificación Decimal Universal 821.134.2-31"19"
080 ## - NÚMERO DE LA CLASIFICACIÓN DECIMAL UNIVERSAL
Número de la Clasificación Decimal Universal 929 Leonor (469)(0:82)
100 1# - ENTRADA PRINCIPAL--NOMBRE DE PERSONA
Nombre de persona Calvo Asensio, G.,
Fechas asociadas al nombre m. 1880
9 (RLIN) 157237
Término indicativo de función/relación Autor
245 10 - MENCIÓN DEL TÍTULO
Título Reina y adúltera :
Resto del título memorias de Doña Leonor Téllez : novela histórica /
Mención de responsabilidad, etc. por G. Calvo Asensio
260 ## - PUBLICACIÓN, DISTRIBUCIÓN, ETC.
Lugar de publicación, distribución, etc. Madrid :
Nombre del editor, distribuidor, etc. Urbano Manini editor,
Fecha de publicación, distribución, etc. [ca. 1870]
Fabricante (Imp. de José A. Muñoz y Compañía)
300 ## - DESCRIPCIÓN FÍSICA
Extensión 272 paginas ;
Dimensiones 17 cm.
490 1# - MENCIÓN DE SERIE
Mención de serie Leyendas históricas
505 ## - NOTA DE CONTENIDO CON FORMATO
Nota de contenido con formato Primera parte: El tribuno y la manceba; Segunda parte: La virtud y el amor de madre
530 ## - NOTA DISPONIBLE DE FORMULARIO FÍSICO ADICIONAL
Nota de formato físico adicional disponible Disponible en formato digital
600 04 - PUNTO DE ACCESO ADICIONAL DE MATERIA--NOMBRE DE PERSONA
9 (RLIN) 241143
Nombre de persona Leonor,
Títulos y otros términos asociados al nombre Reina consorte de Fernando I, Rey de Portugal
Subdivisión de forma Novelas
655 #7 - TERMINO DE INDIZACIÓN--GENERO/FORMA
Fuente del término tgfbne
Datos o término principal de género/forma Novelas históricas
9 (RLIN) 226782
830 #0 - PUNTO DE ACCESO ADICIONAL DE SERIE-TÍTULO UNIFORME
Título uniforme Leyendas históricas
9 (RLIN) 221380
852 ## - LOCALIZACIÓN
Ubicación ES-MaACL
Ubicación en estantería Sala Pecera Planta 3
Donativo/Legado Ex-libris de Gustavo Sáenz Díez
Número de control de estantería G-11005(3)
Encuadernación Holandesa
856 ## - LOCALIZACIÓN Y ACCESO ELECTRÓNICOS
Identificador Uniforme de Recursos <a href="http://hdl.handle.net/2346/46834">http://hdl.handle.net/2346/46834</a>
Texto de enlace Versión en línea
Nota pública (Texas Tech University Libraries)
942 ## - ELEMENTOS DE ENTRADA SECUNDARIOS (KOHA)
Fuente del sistema de clasificación o colocación Clasificación decimal universal
Tipo de ítem Koha Libro impreso antiguo
Suprimir en OPAC No
Holdings
Estatus retirado Estado de pérdida Estado de daño No para préstamo Biblioteca de origen Biblioteca actual Ubicación en estantería Fecha de adquisición Total de préstamos Signatura topográfica completa Código de barras Visto por última vez Precio de reemplazo Tipo de ítem Koha
        Biblioteca del Ateneo de Madrid Biblioteca del Ateneo de Madrid Sala Pecera Planta 3 17/01/2008   G-11005(3) 1159756 23/02/2023 23/02/2023 Libro impreso